01036ntm a22002417a 450000500170000000800410001704000280005808200170008610000340010324501150013724600800025226000100033230000350034250001820037759000120055965000390057165300230061065500090063370000260064294200080066899900170067695201010069320170810124153.0170802s2014 xx a frb 000 0 eng d aEG-ScBUEbengcEG-ScBUE04222a624bMAH1 aMahmoud, Shady Sharaf Eldeen.10aEffect of sub-base layer characterisitics on pavement long term performance /cby Shady Sharaf Eldeen Mahmoud.3 aEffect of sub-base layer characteristics on pavement long term performance. c2014. a87 p. :bill. (col.) ;c28 cm. aA dissertation submitted to the faculty of engineering, the British university in Egypt, in partial fulfillment of the requirements for the bachelor degree in civil engineering. aAishaa. 72BUEshaCivil EngineeringvProjects bENGCIVcAugust2017 vSPRO1 aKandil, Khaled,eThs. 2ddc c25361d25333 00102ddc4070aMAINbMAINc2NDd2017-08-09l0o624 MAHp000046636r2025-07-15 00:00:00yPROJST